000
00323nam a2200133Ia 4500
005
20251222141813.0
008
251222s9999||||xx |||||||||||||| ||spa||
082
_a
330.1/K15/1985
100
_a
Kafka Kiener, Folke
245
0
_a
Análisis Económico
250
_a
4a.ed.
264
_b
Universidad del Pacifico
942
_c
LIB
999
_c
6540
_d
6540